| 000 | 00796nam a22002177a 4500 | ||
|---|---|---|---|
| 999 |
_c16882 _d16882 |
||
| 003 | AR-CdUCM | ||
| 008 | 190506b ||||| |||| 00| 0 eng d | ||
| 040 |
_aMUNICIPALIDAD PROVINCIAL DEL CUSCO _cBIBLIOTECA MUNICIPAL DEL CUSCO |
||
| 082 |
_a377.2 / _bS63 |
||
| 100 |
_aSobrevilla, Marcelo A. _936605 |
||
| 245 | _aDidáctica de la educación técnica / | ||
| 260 |
_aBuenos Aires : _bEdit. Kapelusz, _c1968. |
||
| 300 |
_a197 páginas ; _c20 cm. |
||
| 440 |
_aBiblioteca de cultura pedagógica _936606 |
||
| 505 | _aContenido: La técnica -- La educación técnica -- Metodología -- Conducción del personal de una escuela. | ||
| 650 |
_aEducación técnica _95178 |
||
| 650 |
_aMetodología _92264 |
||
| 650 |
_aEscuela técnica _936607 |
||
| 942 |
_2ddc _cLIBROS |
||
| 945 |
_adavv _d06/05/2019 |
||